Speciální patologická fysiologie

Bibliographic Details
Main Author: Trávníček, Tomáš, 1918-2008 (Author)
Format: Book
Language:Czech
PhysicalDescription:563 s. grafy, ilustr., sch., tab. 24 cm
Published: Praha Avicenum 1978
Edition:1. vyd.
Series:Učebnice pro lékařské fakulty
Subjects:

MARC

LEADER 00000cam a2200000 a 4500
001 vtls008914288
003 SK-MaSNL
005 20260301080717.0
008 180814s1978 xo dal d p 001 0 cze
020 |q (viaz.) 
035 |a LMAOSK13228 
040 |a SNK  |b slo  |c SNK  |e AACR2 
041 0 |a cze 
044 |a xr  |c CZ 
072 7 |a 616-092  |x Experimentálna medicína  |2 konspekt 
080 |a 616-092  |2 2001 
080 |a (075.8)  |2 2001 
245 0 0 |a Speciální patologická fysiologie  |c Tomáš Trávníček a spolupracovníci 
250 |a 1. vyd. 
260 |a Praha  |b Avicenum  |c 1978 
300 |a 563 s.  |b grafy, ilustr., sch., tab.  |c 24 cm 
366 |e 10000 výt. 
490 1 |a Učebnice pro lékařské fakulty 
504 |a Pozn. Vec. rag. 
650 0 7 |a patologická fyziológia  |2 SNKPH  |9 2562 
655 7 |a učebnice vysokých škôl  |2 SNKPH  |9 70191 
700 1 |a Trávníček, Tomáš,  |d 1918-2008  |4 aut  |9 167491 
830 0 |a Učebnice pro lékařské fakulty  |9 295340 
958 |a OND 
999 |c 653913  |d 655843 
952 |a SNK  |b SNK  |y VYP  |7 0  |p 17A0330221  |o snkIC 74906  |i snkKIP 226/79  |0 0  |1 0  |4 0  |d 2008-07-04  |l 0  |r 2026-02-23 18:29:39  |w 2026-02-23 
952 |a SNK  |b SNK  |y VYP  |7 0  |p 17A0585959  |o snkIC 74906 D1  |i snkKIP 227/79  |0 0  |1 0  |4 0  |d 2008-07-04  |l 0  |r 2026-02-23 18:29:39  |w 2026-02-23